Countries by Latitude Quiz Stats

 Plays Quiz Updated Nov 11, 2016

Challenge
Share
Tweet
Embed
Score 0/28 Timer 05:00
7 Plays Today
Latitude Country % Correct
75 degrees NorthRussia
92.7%
80 degrees NorthDenmark (Greenland)
89.4%
45 degrees NorthUnited States of America
82.2%
50 degrees NorthCanada
82%
55 degrees NorthRussia
81.9%
65 degrees NorthRussia
80.8%
60 degrees NorthRussia
80.7%
70 degrees NorthRussia
80.5%
40 degrees NorthUnited States of America
78.5%
35 degrees NorthUnited States of America
78.3%
30 degrees NorthChina
77%
25 degrees NorthChina
75.1%
EquatorBrazil
69.7%
5 degrees SouthBrazil
66.6%
Latitude Country % Correct
10 degrees SouthBrazil
66.5%
15 degrees SouthBrazil
66.4%
35 degrees SouthAustralia
65.1%
30 degrees SouthAustralia
64.3%
25 degrees SouthAustralia
63.1%
50 degrees SouthArgentina
62%
20 degrees SouthAustralia
61.8%
40 degrees SouthArgentina
60.5%
45 degrees SouthArgentina
60%
55 degrees SouthChile
57.7%
20 degrees NorthSaudi Arabia
41.4%
15 degrees NorthSudan
36.8%
10 degrees NorthSudan
36.5%
5 degrees NorthCentral African Republic
19.5%

You're not logged in!

Compare scores with friends on all Sporcle quizzes.
Join for Free
OR
Log In

You Might Also Like...

Show Comments

Extras

Top Quizzes Today


Score Distribution

Your Account Isn't Verified!

In order to create a playlist on Sporcle, you need to verify the email address you used during registration. Go to your Sporcle Settings to finish the process.

Report this User

Report this user for behavior that violates our Community Guidelines.

Details: